Normal view
MARC view
- Triennal Symposium on Transportation Analysis
Entry Meeting Name
001 - CONTROL NUMBER
- control field: 24800
003 - CONTROL NUMBER IDENTIFIER
- control field: NUST
005 - DATE AND TIME OF LATEST TRANSACTION
- control field: 20191025122010.0
008 - FIXED-LENGTH DATA ELEMENTS
- fixed length control field: 191025|| aca||aabn | a|a d
040 ## - CATALOGING SOURCE
- Original cataloging agency: NUST
- Transcribing agency: NUST
111 ## - HEADING--MEETING NAME
- Meeting name or jurisdiction name as entry element: Triennal Symposium on Transportation Analysis
- Number of part/section/meeting: (2nd :
- Date of meeting: 1994 :
- Location of meeting: Capri, Italy)
670 ## - SOURCE DATA FOUND
- Source citation: Work cat.: (NUST)0: Advanced methods in transportation analysis /, c1996.
